[Event "29. Torneo San Viator 2017"]
[Site "Madrid ESP"]
[Date "2017.10.22"]
[Round "5.9"]
[White "Lopez Ziegler, Carlos"]
[Black "Del Rio Perezagua, Mario"]
[Result "1/2-1/2"]
[WhiteElo "1852"]
[BlackElo "1636"]
[PlyCount "56"]
[EventDate "2017.09.17"]
[EventType "swiss"]
[EventRounds "9"]
[EventCountry "ESP"]
[SourceTitle "Ajedrez en Madrid"]
[Source "lmi"]
[SourceDate "2017.09.17"]

1. e4 d5 2. exd5 Qxd5 3. Nc3 Qd8 4. Nf3 Bg4 5. h3 Bxf3 6. Qxf3 c6 7. Bc4 e6 8.
O-O Nf6 9. d3 Be7 10. Re1 O-O 11. Qe2 Re8 12. Ne4 Nbd7 13. a4 Nb6 14. Bb3 a5
15. Ng5 Nbd5 16. Bd2 h6 17. Nf3 Qc7 18. Ne5 Bd6 19. d4 Nd7 20. Nxd7 Qxd7 21.
Rad1 Bf4 22. Bxf4 Nxf4 23. Qe4 Nd5 24. c3 Rad8 25. Bc2 Nf6 26. Qd3 Qc7 27. Qf3
Qb6 28. Qe2 Rd7 1/2-1/2

[Event "29. Torneo San Viator 2017"]
[Site "Madrid ESP"]
[Date "2017.10.22"]
[Round "5.10"]
[White "Camarero Izquierdo, Juan Carlos"]
[Black "Lopez Moreno, Jesus"]
[Result "1-0"]
[WhiteElo "1843"]
[BlackElo "2043"]
[PlyCount "97"]
[EventDate "2017.09.17"]
[EventType "swiss"]
[EventRounds "9"]
[EventCountry "ESP"]
[SourceTitle "Ajedrez en Madrid"]
[Source "lmi"]
[SourceDate "2017.09.17"]

1. d4 d5 2. Nc3 Bf5 3. f3 e6 4. e4 dxe4 5. fxe4 Bg6 6. Nf3 Bb4 7. e5 c5 8. Bb5+
Nc6 9. O-O Qb6 10. Kh1 O-O-O 11. Bxc6 Qxc6 12. a3 Ba5 13. Bg5 f6 14. exf6 gxf6
15. Bxf6 Nxf6 16. Ne5 Qe8 17. Rxf6 cxd4 18. Ne2 Bc7 19. Nxg6 hxg6 20. h3 e5 21.
Ng3 e4 22. Qg4+ Kb8 23. Nxe4 Qe5 24. g3 Rde8 25. Re1 Qxf6 26. Nxf6 Rxe1+ 27.
Kg2 Re3 28. Qxd4 Rxg3+ 29. Kf1 Rgxh3 30. Nd7+ Kc8 31. Nc5 R3h5 32. Kf2 Rh2+ 33.
Kf1 Rf8+ 34. Kg1 Rd8 35. Qg4+ Kb8 36. Ne6 Rdd2 37. Nxc7 Rhe2 38. Kf1 Rf2+ 39.
Ke1 Kxc7 40. Qxg6 Rfe2+ 41. Kf1 Rxc2 42. Qf7+ Kb6 43. Qb3+ Kc6 44. Qa4+ b5 45.
Qa6+ Kc5 46. Qxa7+ Kc4 47. Qf7+ Kd3 48. Qf3+ Re3 49. Qd5# 1-0

[Event "29. Torneo San Viator 2017"]
[Site "Madrid ESP"]
[Date "2017.10.22"]
[Round "5.11"]
[White "Calvo de Castro, Miguel"]
[Black "Luque Ibañes, Manuel"]
[Result "0-1"]
[WhiteElo "1836"]
[BlackElo "1987"]
[PlyCount "68"]
[EventDate "2017.09.17"]
[EventType "swiss"]
[EventRounds "9"]
[EventCountry "ESP"]
[SourceTitle "Ajedrez en Madrid"]
[Source "lmi"]
[SourceDate "2017.09.17"]

1. d4 d5 2. c4 e6 3. e3 Nf6 4. Nf3 c5 5. dxc5 Bxc5 6. Nc3 O-O 7. cxd5 exd5 8.
Be2 Nc6 9. O-O Re8 10. Re1 a6 11. h3 Bf5 12. a3 d4 13. exd4 Nxd4 14. Nxd4 Bxd4
15. Bf1 Qb6 16. Rxe8+ Rxe8 17. Qd2 h6 18. Nd1 Bg6 19. Qf4 Nd5 20. Qg3 Kh7 21.
Nc3 Nxc3 22. bxc3 Bc5 23. Bf4 Qb2 24. Rd1 Qxa3 25. h4 Qb3 26. Qf3 Be4 27. Bd3
Qe6 28. Re1 f5 29. Qg3 Qg6 30. Qxg6+ Kxg6 31. Bc4 Bc6 32. h5+ Kf6 33. Rd1 Re4
34. Bd5 Rxf4 0-1

[Event "29. Torneo San Viator 2017"]
[Site "Madrid ESP"]
[Date "2017.10.22"]
[Round "5.12"]
[White "Lopez Nuñez, Roberto"]
[Black "Campos Tores, Jose Luis"]
[Result "0-1"]
[WhiteElo "1766"]
[BlackElo "1879"]
[PlyCount "66"]
[EventDate "2017.09.17"]
[EventType "swiss"]
[EventRounds "9"]
[EventCountry "ESP"]
[SourceTitle "Ajedrez en Madrid"]
[Source "lmi"]
[SourceDate "2017.09.17"]

1. Nf3 Nf6 2. c4 g6 3. b4 Bg7 4. Bb2 O-O 5. g3 d6 6. Bg2 e5 7. O-O a5 8. a3
axb4 9. axb4 Rxa1 10. Bxa1 Na6 11. b5 Nc5 12. d4 exd4 13. Nxd4 Re8 14. Nd2 Qe7
15. N2b3 Nfd7 16. e3 Ne5 17. Qc2 Ncd7 18. Na5 Nc5 19. Bc3 Ng4 20. Re1 Qf6 21.
Re2 Bf5 22. Nxf5 Qxc3 23. Nxg7 Qa1+ 24. Bf1 Qxg7 25. h3 Ne5 26. Bg2 Ra8 27. Qd2
Qh6 28. Re1 Qxh3 29. f4 Qxg3 30. fxe5 Ne4 31. Qb4 b6 32. exd6 cxd6 33. Qb1 Rxa5
0-1

[Event "29. Torneo San Viator 2017"]
[Site "Madrid ESP"]
[Date "2017.10.22"]
[Round "5.13"]
[White "Barahona Torrijos, Angel"]
[Black "Fernandez Estremera, Fernando"]
[Result "0-1"]
[WhiteElo "1855"]
[BlackElo "1721"]
[PlyCount "108"]
[EventDate "2017.09.17"]
[EventType "swiss"]
[EventRounds "9"]
[EventCountry "ESP"]
[SourceTitle "Ajedrez en Madrid"]
[Source "lmi"]
[SourceDate "2017.09.17"]

1. d4 Nf6 2. Nf3 d5 3. e3 c5 4. c3 Nc6 5. Bb5 Qb6 6. Ba4 Bg4 7. Nbd2 Ne4 8. Qb3
Nxd2 9. Bxd2 Bxf3 10. gxf3 Qxb3 11. Bxb3 e6 12. Rg1 cxd4 13. cxd4 Kd7 14. Bc3
b5 15. e4 dxe4 16. d5 Nb4 17. dxe6+ fxe6 18. fxe4 Re8 19. O-O-O+ Kc6 20. a3 Na6
21. Bxg7 Rg8 22. Bd4 Bh6+ 23. Kb1 Rxg1 24. Rxg1 Nc5 25. Bc2 Rd8 26. Bc3 Rf8 27.
b4 Nb7 28. Bd4 a5 29. Rg3 axb4 30. axb4 Bd2 31. Rg7 Bxb4 32. Rxh7 Bc5 33. Bxc5
Nxc5 34. h4 Rxf2 35. h5 b4 36. Rg7 b3 37. Bd1 Rf1 38. Kc1 b2+ 39. Kxb2 Rxd1 40.
Rg5 Nxe4 41. Rg4 Nc5 42. Rh4 Rd7 43. Kc3 e5 44. h6 Rh7 45. Kc4 Nd7 46. Kd3 Kd5
47. Ke3 Ke6 48. Ra4 Nc5 49. Rc4 Kd5 50. Rh4 Nd7 51. Rh1 Ke6 52. Ra1 Kf6 53.
Ra6+ Kg5 54. Rd6 Nf6 0-1

[Event "29. Torneo San Viator 2017"]
[Site "Madrid ESP"]
[Date "2017.10.22"]
[Round "5.14"]
[White "Cid Garcia, Ramon"]
[Black "Sanchez Gomez, Emiliano"]
[Result "1/2-1/2"]
[WhiteElo "1844"]
[BlackElo "1742"]
[PlyCount "35"]
[EventDate "2017.09.17"]
[EventType "swiss"]
[EventRounds "9"]
[EventCountry "ESP"]
[SourceTitle "Ajedrez en Madrid"]
[Source "lmi"]
[SourceDate "2017.09.17"]

1. e4 c5 2. Nf3 a6 3. c4 e6 4. Nc3 Qc7 5. d4 cxd4 6. Nxd4 Nf6 7. Bd3 Nc6 8.
Nxc6 dxc6 9. O-O e5 10. Qe2 Bg4 11. f3 Bc5+ 12. Be3 Bxe3+ 13. Qxe3 Be6 14. c5
Nd7 15. b4 O-O 16. Rfc1 b5 17. Bc2 a5 18. a3 1/2-1/2

[Event "29. Torneo San Viator 2017"]
[Site "Madrid ESP"]
[Date "2017.10.22"]
[Round "5.15"]
[White "Rosa Ramirez, Victor D"]
[Black "Tarrio Ocaña, Jose Manuel"]
[Result "1-0"]
[WhiteElo "1955"]
[BlackElo "1869"]
[PlyCount "95"]
[EventDate "2017.09.17"]
[EventType "swiss"]
[EventRounds "9"]
[EventCountry "ESP"]
[SourceTitle "Ajedrez en Madrid"]
[Source "lmi"]
[SourceDate "2017.09.17"]

1. e4 e6 2. d4 d5 3. e5 c5 4. c3 Nc6 5. Nf3 Qb6 6. a3 f6 7. Bd3 fxe5 8. Nxe5
Nxe5 9. dxe5 g6 10. Qe2 c4 11. Bc2 Bd7 12. Be3 Bc5 13. Bxc5 Qxc5 14. Nd2 Ne7
15. Nf3 Nc6 16. O-O-O O-O-O 17. h4 Rdf8 18. h5 g5 19. h6 g4 20. Nd4 Qe7 21. Qe3
Nxd4 22. Rxd4 Rhg8 23. g3 Be8 24. Rf4 Rxf4 25. Qxf4 Rf8 26. Qd4 b6 27. Kb1 Qg5
28. Bxh7 Rh8 29. Bc2 Rxh6 30. Rxh6 Qxh6 31. Qxg4 Bd7 32. Qg8+ Kc7 33. Qa8 Qd2
34. Qxa7+ Kc8 35. Qxb6 Qe1+ 36. Ka2 Qc1 37. Qa6+ Kc7 38. Ba4 Bxa4 39. Qxa4 Qe1
40. Qa7+ Kc6 41. Qa6+ Kd7 42. Qd6+ Ke8 43. Qxe6+ Kf8 44. Qf6+ Kg8 45. e6 Qd1
46. Qf7+ Kh8 47. Qb7 d4 48. e7 1-0

[Event "29. Torneo San Viator 2017"]
[Site "Madrid ESP"]
[Date "2017.10.22"]
[Round "5.16"]
[White "Garcia Galeote, Lorenzo"]
[Black "Sanz Toledano, Alfonso"]
[Result "1-0"]
[WhiteElo "1989"]
[BlackElo "1818"]
[PlyCount "69"]
[EventDate "2017.09.17"]
[EventType "swiss"]
[EventRounds "9"]
[EventCountry "ESP"]
[SourceTitle "Ajedrez en Madrid"]
[Source "lmi"]
[SourceDate "2017.09.17"]

1. c4 g6 2. Nc3 Nf6 3. e4 d6 4. d4 Bg7 5. Nge2 O-O 6. Ng3 Nbd7 7. Be2 h5 8. h3
c5 9. d5 Re8 10. Bf4 a6 11. a4 Qa5 12. Bd2 Qc7 13. O-O Nf8 14. f4 Bd7 15. Qc2
h4 16. Nh1 e6 17. Be1 exd5 18. cxd5 b5 19. axb5 axb5 20. Rxa8 Rxa8 21. Bxb5
Bxb5 22. Nxb5 Qb6 23. Nc3 N6d7 24. Bxh4 c4+ 25. Kh2 Nc5 26. Nf2 Rb8 27. Nfd1
Nd3 28. Na4 Qd4 29. Ndc3 Nxf4 30. Rxf4 Be5 31. Bg3 f5 32. Qf2 Rxb2 33. Qxd4
Bxd4 34. Nxb2 Bxc3 35. Nxc4 1-0

[Event "29. Torneo San Viator 2017"]
[Site "Madrid ESP"]
[Date "2017.10.22"]
[Round "5.17"]
[White "Gil Sierra, Jacinto"]
[Black "Soderstrom, Henrik"]
[Result "1-0"]
[WhiteElo "1920"]
[BlackElo "1684"]
[PlyCount "79"]
[EventDate "2017.09.17"]
[EventType "swiss"]
[EventRounds "9"]
[EventCountry "ESP"]
[SourceTitle "Ajedrez en Madrid"]
[Source "lmi"]
[SourceDate "2017.09.17"]

1. e4 d6 2. d4 Nf6 3. Bd3 Nbd7 4. Nf3 e5 5. c3 Be7 6. O-O c6 7. Nbd2 h6 8. Qe2
Qc7 9. a4 a5 10. Nc4 b5 11. axb5 cxb5 12. Ne3 Bb7 13. Nf5 Bf8 14. Bxb5 Nxe4 15.
Ng3 Nxg3 16. hxg3 e4 17. Nd2 d5 18. f3 Bd6 19. fxe4 dxe4 20. Nxe4 O-O 21. Nxd6
Qxd6 22. Bf4 Qd5 23. Rf2 Nf6 24. Qc4 Qd8 25. Qc7 Qd5 26. Bc4 Qe4 27. Re2 Qc6
28. Qxc6 Bxc6 29. Re5 a4 30. Rc5 Rfc8 31. Re1 Be4 32. Be5 Rxc5 33. dxc5 Bd5 34.
Bb5 a3 35. bxa3 Rxa3 36. c4 Be6 37. c6 Ng4 38. c7 Nxe5 39. Rxe5 Ra8 40. Rxe6
1-0

[Event "29. Torneo San Viator 2017"]
[Site "Madrid ESP"]
[Date "2017.10.22"]
[Round "5.18"]
[White "Recuenco Andres, Javier"]
[Black "Muñoz Cebey, Ricardo"]
[Result "1-0"]
[WhiteElo "1904"]
[BlackElo "1847"]
[PlyCount "99"]
[EventDate "2017.09.17"]
[EventType "swiss"]
[EventRounds "9"]
[EventCountry "ESP"]
[SourceTitle "Ajedrez en Madrid"]
[Source "lmi"]
[SourceDate "2017.09.17"]

1. c4 e5 2. g3 Nc6 3. Bg2 g6 4. Nc3 Bg7 5. Nf3 d6 6. O-O f5 7. e4 fxe4 8. Nxe4
Nf6 9. d3 O-O 10. Bg5 Be6 11. b3 Qd7 12. Qd2 Nxe4 13. dxe4 Bg4 14. Ne1 Nd4 15.
f3 Bh3 16. Nc2 Rae8 17. Rad1 Bxg2 18. Kxg2 Qf7 19. Nxd4 exd4 20. Bh6 c5 21.
Rde1 Bxh6 22. Qxh6 Re5 23. g4 Qf4 24. Qxf4 Rxf4 25. h4 h6 26. Kg3 g5 27. Rh1
Rf7 28. hxg5 hxg5 29. Rh6 Rd7 30. Reh1 Ree7 31. Rg6+ Rg7 32. Rhh6 Kf7 33. Rxd6
Ke7 34. Rhe6+ Kd8 35. Rd5 Rxd5 36. exd5 Kd7 37. f4 gxf4+ 38. Kxf4 Rf7+ 39. Kg3
Rf1 40. Re2 Rf8 41. g5 Rf1 42. Kg4 Kd6 43. g6 Rg1+ 44. Kf5 d3 45. Rd2 Rg3 46.
Rf2 Ke7 47. d6+ Kxd6 48. Kf6 Re3 49. g7 Re2 50. Rf5 1-0

[Event "29. Torneo San Viator 2017"]
[Site "Madrid ESP"]
[Date "2017.10.22"]
[Round "5.19"]
[White "Sotoca Aguado, Jose"]
[Black "Mihalcea, George Andrei"]
[Result "1-0"]
[WhiteElo "1885"]
[BlackElo "1777"]
[PlyCount "119"]
[EventDate "2017.09.17"]
[EventType "swiss"]
[EventRounds "9"]
[EventCountry "ESP"]
[SourceTitle "Ajedrez en Madrid"]
[Source "lmi"]
[SourceDate "2017.09.17"]

1. e4 e6 2. d4 d5 3. Nc3 Bb4 4. e5 Ne7 5. a3 Bxc3+ 6. bxc3 c5 7. Qg4 Nbc6 8.
Nf3 Nf5 9. Bd3 h5 10. Qf4 Nce7 11. O-O c4 12. Be2 Bd7 13. Ng5 Ng6 14. Qf3 Qe7
15. Rb1 Bc6 16. Nh3 a5 17. Nf4 Ngh4 18. Qh3 O-O-O 19. g3 Ng6 20. Nxg6 fxg6 21.
f4 a4 22. Rb4 Rdf8 23. Bd2 Kb8 24. Rfb1 Ka7 25. Bc1 Qf7 26. Bd2 Nh6 27. Be3 Nf5
28. Bd2 Ka6 29. Rb6+ Ka7 30. R1b4 Qc7 31. Qf1 g5 32. Qf2 Ne7 33. Bf3 g4 34. Be2
Nc8 35. Rxc6 Qxc6 36. Bxc4 Nb6 37. Bb5 Qc7 38. c4 Nxc4 39. Rxa4+ Kb8 40. Bxc4
dxc4 41. d5 exd5 42. Bb4 Rd8 43. Qa7+ Kc8 44. Ba5 b6 45. Qa8+ Kd7 46. Qxd5+ Ke8
47. Qe6+ Qe7 48. Qxe7+ Kxe7 49. Bb4+ Ke6 50. Ra6 Rb8 51. Ra7 g6 52. Kf2 Kd5 53.
Ke3 g5 54. Rd7+ Kc6 55. Rd6+ Kb7 56. f5 Rbd8 57. f6 Rxd6 58. Bxd6 Rh7 59. e6
Kc6 60. Bb4 1-0

[Event "29. Torneo San Viator 2017"]
[Site "Madrid ESP"]
[Date "2017.10.22"]
[Round "5.20"]
[White "Cano Mercado, Francisco Manuel"]
[Black "Estevez Sacristan, Deva"]
[Result "1/2-1/2"]
[WhiteElo "1823"]
[BlackElo "1665"]
[PlyCount "272"]
[EventDate "2017.09.17"]
[EventType "swiss"]
[EventRounds "9"]
[EventCountry "ESP"]
[SourceTitle "Ajedrez en Madrid"]
[Source "lmi"]
[SourceDate "2017.09.17"]

1. e4 e6 2. Nf3 d5 3. e5 c5 4. b4 cxb4 5. d4 Ne7 6. a3 Nf5 7. axb4 Bxb4+ 8. c3
Be7 9. Bd3 O-O 10. O-O f6 11. exf6 Bxf6 12. Bf4 Nc6 13. Na3 Bd7 14. Rb1 b6 15.
Re1 a6 16. Ne5 Nxe5 17. dxe5 Be7 18. Nc2 b5 19. Ne3 Nxe3 20. Bxe3 Qe8 21. Qg4
Qf7 22. h4 Rac8 23. h5 Rxc3 24. Rbd1 a5 25. Bd4 Rcc8 26. Bb1 Qf4 27. Qh3 Qh4
28. Qd3 Qxh5 29. Re3 Rf4 30. Rh3 Rh4 31. Rxh4 Qxh4 32. Qe2 Bc5 33. Bxc5 Rxc5
34. Bd3 Qh6 35. g3 Rc1 36. Rxc1 Qxc1+ 37. Kh2 Qh6+ 38. Kg1 b4 39. Qc2 Qh5 40.
Kg2 Qxe5 41. Bxh7+ Kh8 42. Bg6 a4 43. Qc5 Qf6 44. Bd3 b3 45. Qb6 Qe7 46. Qb8+
Qe8 47. Qb4 Kg8 48. Qh4 a3 49. Bh7+ Kf8 50. Qf4+ Qf7 51. Qb4+ Qe7 52. Qxb3 Ke8
53. Bg6+ Kd8 54. Qb6+ Kc8 55. Bd3 Be8 56. Ba6+ Kd7 57. Bb5+ Kc8 58. Ba6+ Kd7
59. Qb8 Qd8 60. Bb5+ Ke7 61. Qa7+ Kf6 62. Qd4+ e5 63. Qh4+ g5 64. Qh8+ Ke7 65.
Qxe5+ Kf8 66. Qh8+ Kf7 67. Qh7+ Ke6 68. Qg8+ Kd6 69. Bxe8 a2 70. Qg6+ Ke7 71.
Qf7+ Kd6 72. Qg6+ Ke7 73. Qf7+ Kd6 74. Qf8+ Ke6 75. Bf7+ Kd7 76. Qa3 Qe7 77.
Qa4+ Kd6 78. Qa3+ Kd7 79. Qa7+ Kd6 80. Qa6+ Ke5 81. Bxd5 Kxd5 82. Qxa2+ Kc6 83.
Qc4+ Kb6 84. Qd4+ Kc6 85. Qa4+ Kb6 86. Qb3+ Kc6 87. Qc2+ Kd5 88. Qd2+ Kc6 89.
f3 Kb6 90. Qd4+ Kc6 91. Qe4+ Kd6 92. Qxe7+ Kxe7 93. Kf2 Kf6 94. Ke2 Kf5 95. Ke3
Ke5 96. g4 Kd5 97. f4 Ke6 98. f5+ Ke5 99. Kd3 Kd5 100. Kd2 Kd6 101. Kc3 Kc5
102. Kb3 Kd5 103. Kb4 Kd6 104. Kb5 Kd5 105. Ka5 Kc5 106. Ka4 Kc6 107. Kb4 Kd6
108. Kb5 Kd5 109. Kb6 Kd6 110. Ka5 Kc7 111. Ka4 Kc6 112. Kb3 Kd5 113. Kc3 Kc5
114. Kd3 Kd5 115. Ke3 Ke5 116. Ke2 Kd6 117. Kf3 Kd5 118. Kf2 Kd6 119. Ke2 Ke5
120. Ke3 Kd5 121. f6 Ke6 122. Ke4 Kxf6 123. Kd5 Kf7 124. Ke5 Kg6 125. Ke6 Kg7
126. Kf5 Kh6 127. Kf6 Kh7 128. Kxg5 Kg7 129. Kf5 Kf7 130. g5 Kg7 131. g6 Kg8
132. Kg5 Kg7 133. Kh5 Kg8 134. Kg5 Kg7 135. Kf5 Kg8 136. Kf6 Kf8 1/2-1/2

[Event "29. Torneo San Viator 2017"]
[Site "Madrid ESP"]
[Date "2017.10.22"]
[Round "5.21"]
[White "Lopez Benitez, David"]
[Black "Fernandez Rios, Jose Francisco"]
[Result "0-1"]
[WhiteElo "1717"]
[BlackElo "1770"]
[PlyCount "88"]
[EventDate "2017.09.17"]
[EventType "swiss"]
[EventRounds "9"]
[EventCountry "ESP"]
[SourceTitle "Ajedrez en Madrid"]
[Source "lmi"]
[SourceDate "2017.09.17"]

1. e4 c5 2. Nf3 g6 3. Bc4 Bg7 4. Ng5 e6 5. d3 Ne7 6. Nc3 O-O 7. O-O Nbc6 8. Be3
d5 9. exd5 exd5 10. Nxd5 Nxd5 11. Bxc5 Qxg5 12. Bxf8 Bxf8 13. Qf3 Be6 14. c3
Rd8 15. Rfe1 Qg4 16. Bxd5 Qxf3 17. Bxf3 Rxd3 18. Re2 a5 19. Be4 Rd7 20. Bc2 Bc5
21. b3 Kg7 22. Rae1 Bg4 23. Kf1 Bxe2+ 24. Rxe2 f5 25. f4 Re7 26. Bd3 Rxe2 27.
Kxe2 Kf6 28. Bc4 h6 29. h4 g5 30. hxg5+ hxg5 31. fxg5+ Kxg5 32. Bd5 Kf4 33. Bf3
Nd8 34. Bd5 b6 35. c4 Ke5 36. Kf3 Ne6 37. Bxe6 Kxe6 38. Kf4 Bd6+ 39. Ke3 f4+
40. Kd3 Bc5 41. Ke2 Ke5 42. Kd2 Kd4 43. Ke2 Kc3 44. Kf3 Be3 0-1

[Event "29. Torneo San Viator 2017"]
[Site "Madrid ESP"]
[Date "2017.10.22"]
[Round "5.22"]
[White "Jimenez Elices, Jose Maria"]
[Black "Criado Jimenez, Jose"]
[Result "0-1"]
[WhiteElo "1766"]
[BlackElo "1617"]
[PlyCount "46"]
[EventDate "2017.09.17"]
[EventType "swiss"]
[EventRounds "9"]
[EventCountry "ESP"]
[SourceTitle "Ajedrez en Madrid"]
[Source "lmi"]
[SourceDate "2017.09.17"]

1. e4 e5 2. Nf3 Nf6 3. Nxe5 d6 4. Nf3 Nxe4 5. Nc3 Nxc3 6. dxc3 Be7 7. Be3 Nc6
8. Qd2 O-O 9. Bd3 Re8 10. O-O-O Bg4 11. h3 Bxf3 12. gxf3 Ne5 13. Be2 c6 14. Kb1
d5 15. Rhg1 Bf6 16. Bd4 b5 17. Rg2 Nd7 18. Rxg7+ Kxg7 19. Qg5+ Kh8 20. Bd3 Bxd4
21. Qh6 Nf8 22. cxd4 Re6 23. Qh5 Qf6 0-1

[Event "29. Torneo San Viator 2017"]
[Site "Madrid ESP"]
[Date "2017.10.29"]
[Round "6.1"]
[White "Rodriguez Bittar, Karim Javier"]
[Black "Robles Diaz, Jose Alberto"]
[Result "0-1"]
[WhiteElo "1934"]
[BlackElo "2096"]
[PlyCount "88"]
[EventDate "2017.09.17"]
[EventType "swiss"]
[EventRounds "9"]
[EventCountry "ESP"]
[SourceTitle "Ajedrez en Madrid"]
[Source "lmi"]
[SourceDate "2017.09.17"]

1. c4 Nf6 2. d4 g6 3. Nc3 Bg7 4. e4 d6 5. h3 O-O 6. Nf3 e5 7. dxe5 dxe5 8. Be3
c6 9. c5 Nbd7 10. Qa4 Qe7 11. b4 Ne8 12. Bc4 Nc7 13. a3 a5 14. Qd1 Ne6 15. Rb1
axb4 16. axb4 Rd8 17. Qb3 Nd4 18. Qd1 Ra3 19. Qc1 Nxf3+ 20. gxf3 Ra8 21. h4 h5
22. Ke2 Nf8 23. Qb2 Ne6 24. Bxe6 Bxe6 25. Rbd1 Bc4+ 26. Ke1 Bf6 27. Rxd8+ Qxd8
28. Qd2 Ra1+ 29. Nd1 Bxh4 30. Qxd8+ Bxd8 31. f4 Bd3 32. f3 Ra2 33. Nc3 Rc2 34.
Bd2 exf4 35. Rh2 Bf6 36. Nd5 cxd5 37. exd5 Kf8 38. Bxf4 Rxh2 39. Bxh2 Bc3+ 40.
Kf2 Bxb4 41. Ke3 Bb5 42. Kd4 Ke8 43. Bd6 Be1 44. Bh2 Bf2+ 0-1

[Event "29. Torneo San Viator 2017"]
[Site "Madrid ESP"]
[Date "2017.10.29"]
[Round "6.2"]
[White "Quispe Arteaga, Gabriel"]
[Black "Perdomo Araujo, Angel Eduardo"]
[Result "1-0"]
[WhiteElo "2197"]
[BlackElo "2052"]
[PlyCount "54"]
[EventDate "2017.09.17"]
[EventType "swiss"]
[EventRounds "9"]
[EventCountry "ESP"]
[SourceTitle "Ajedrez en Madrid"]
[Source "lmi"]
[SourceDate "2017.09.17"]

1. Nf3 Nf6 2. g3 g6 3. Bg2 Bg7 4. O-O O-O 5. d4 d5 6. c4 a6 7. Nc3 Nc6 8. Ne5
Nxe5 9. dxe5 Ng4 10. e6 d4 11. exf7+ Rxf7 12. Ne4 c6 13. c5 Kh8 14. Qb3 Qf8 15.
h3 Nh6 16. g4 e5 17. Nd6 Re7 18. Bg5 Re6 19. f4 Rxd6 20. fxe5 Qe8 21. exd6 Qe5
22. Bf4 Qxc5 23. Rac1 Qa7 24. Kh1 Bd7 25. Bxh6 Bxh6 26. Qf7 b5 27. Bxc6 Rd8 1-0

[Event "29. Torneo San Viator 2017"]
[Site "Madrid ESP"]
[Date "2017.10.29"]
[Round "6.3"]
[White "Garcia Martin, Esteban"]
[Black "Bustos Bernardo, Samuel"]
[Result "0-1"]
[WhiteElo "1854"]
[BlackElo "2096"]
[PlyCount "39"]
[EventDate "2017.09.17"]
[EventType "swiss"]
[EventRounds "9"]
[EventCountry "ESP"]
[SourceTitle "Ajedrez en Madrid"]
[Source "lmi"]
[SourceDate "2017.09.17"]

1. c4 Nf6 2. Nc3 c5 3. g3 e6 4. e4 d5 5. e5 Nfd7 6. f4 dxc4 7. Qa4 b5 8. Qc2
Bb7 9. Ne4 Nc6 10. d3 Nb4 11. Qb1 cxd3 12. Bxd3 c4 13. Be2 Nc5 14. Nxc5 Bxh1
15. Ne4 Qd5 16. Nf2 Bc5 17. Ngh3 Bg2 18. Ng1 Bxf2+ 19. Kxf2 Be4 20. Bf3 0-1

[Event "29. Torneo San Viator 2017"]
[Site "Madrid ESP"]
[Date "2017.10.29"]
[Round "6.4"]
[White "Gonzalez-Ruano Perez, Cesar"]
[Black "Rodriguez Romero, Martin"]
[Result "0-1"]
[WhiteElo "1848"]
[BlackElo "1907"]
[PlyCount "83"]
[EventDate "2017.09.17"]
[EventType "swiss"]
[EventRounds "9"]
[EventCountry "ESP"]
[SourceTitle "Ajedrez en Madrid"]
[Source "lmi"]
[SourceDate "2017.09.17"]

1. Nf3 Nf6 2. g3 b6 3. Bg2 Bb7 4. b3 e6 5. Bb2 Be7 6. c4 c5 7. O-O O-O 8. Nc3
d6 9. d4 cxd4 10. Nxd4 Bxg2 11. Kxg2 a6 12. e4 Qc7 13. Qe2 Nbd7 14. Rad1 Rfd8
15. f4 Qb7 16. Qf3 Bf8 17. f5 e5 18. Nc2 Nc5 19. Rfe1 b5 20. cxb5 axb5 21. Nb4
Na6 22. Nbd5 Nxd5 23. Nxd5 Nc7 24. a3 Nxd5 25. Rxd5 Rdc8 26. Qe2 Rab8 27. Red1
Rc6 28. h4 Rbc8 29. R1d2 Rc5 30. Kf3 Qc6 31. Qd3 Qb7 32. Rxc5 Rxc5 33. Bc3 Rc8
34. Bb4 Qc6 35. Qe2 Qc1 36. Qd1 Qc6 37. Rd5 Qb6 38. Kg2 Rc6 39. Qd3 Rc1 40.
Rxb5 Qg1+ 41. Kh3 h5 42. Qf3 0-1

[Event "29. Torneo San Viator 2017"]
[Site "Madrid ESP"]
[Date "2017.10.29"]
[Round "6.5"]
[White "Alonso Aranzabal, Iñigo"]
[Black "Rodriguez Valero, Martin"]
[Result "0-1"]
[WhiteElo "1880"]
[BlackElo "1835"]
[PlyCount "66"]
[EventDate "2017.09.17"]
[EventType "swiss"]
[EventRounds "9"]
[EventCountry "ESP"]
[SourceTitle "Ajedrez en Madrid"]
[Source "lmi"]
[SourceDate "2017.09.17"]

1. e4 c5 2. c3 Nf6 3. e5 Nd5 4. d4 cxd4 5. Nf3 e6 6. cxd4 b6 7. Bd3 Ba6 8. O-O
Bxd3 9. Qxd3 Nc6 10. a3 Rc8 11. Bg5 f6 12. exf6 gxf6 13. Bd2 Bg7 14. Re1 O-O
15. Nc3 Nce7 16. Nb5 a6 17. Nd6 Rc6 18. Ne4 f5 19. Ng3 Qe8 20. h4 a5 21. Ng5 h6
22. Nf3 Qg6 23. Ne5 Bxe5 24. dxe5 Kh7 25. Rac1 Rg8 26. Qf3 Qg4 27. Rxc6 Qxf3
28. gxf3 Nxc6 29. Kh2 Nd4 30. Rd1 Nxf3+ 31. Kh3 Nxe5 32. f4 Nd3 33. Bc3 Nf2+
0-1

[Event "29. Torneo San Viator 2017"]
[Site "Madrid ESP"]
[Date "2017.10.29"]
[Round "6.6"]
[White "Del Rio Perezagua, Mario"]
[Black "Iagar, Razvan-Gabriel"]
[Result "0-1"]
[WhiteElo "1636"]
[BlackElo "2163"]
[PlyCount "120"]
[EventDate "2017.09.17"]
[EventType "swiss"]
[EventRounds "9"]
[EventCountry "ESP"]
[SourceTitle "Ajedrez en Madrid"]
[Source "lmi"]
[SourceDate "2017.09.17"]

1. Nf3 d5 2. g3 Nf6 3. Bg2 h6 4. O-O Bf5 5. d3 e6 6. Nbd2 c6 7. c4 Be7 8. b3
Nbd7 9. Bb2 O-O 10. Qc2 a5 11. a3 Qb8 12. Bc3 Bh7 13. Qb2 Bd6 14. b4 axb4 15.
axb4 Rxa1 16. Rxa1 e5 17. cxd5 cxd5 18. d4 e4 19. Ne5 Re8 20. Nxd7 Nxd7 21. e3
Bf5 22. Qb3 Be6 23. b5 Rc8 24. Bb4 Nb6 25. Bf1 Nd7 26. Ba3 Nb6 27. Bb4 Nd7 28.
Ba3 g6 29. Rc1 Rxc1 30. Bxc1 Qa8 31. Bb2 Kf8 32. Nb1 Ke7 33. Ba3 Bxa3 34. Nxa3
Qa5 35. Nc2 Nb6 36. Na3 Qe1 37. Qb1 Qxb1 38. Nxb1 Na4 39. f4 Kd6 40. Kf2 Kc7
41. Ke1 Kb6 42. Kd2 Ka5 43. Na3 Bd7 44. Be2 Kb4 45. Nc2+ Kb3 46. Na1+ Kb2 47.
Nc2 Nc3 48. Nb4 Nxe2 49. Kxe2 Bxb5+ 50. Kd2 Bc4 51. h4 Kb3 52. Nc2 Bd3 53. Ne1
Bf1 54. Nc2 b5 55. Na1+ Kc4 56. Nc2 b4 57. g4 Bd3 58. f5 Bxc2 59. Kxc2 gxf5 60.
g5 h5 0-1

[Event "29. Torneo San Viator 2017"]
[Site "Madrid ESP"]
[Date "2017.10.29"]
[Round "6.7"]
[White "Lobato Rivero, Carlos"]
[Black "Camarero Izquierdo, Juan Carlos"]
[Result "1/2-1/2"]
[WhiteElo "1971"]
[BlackElo "1843"]
[PlyCount "87"]
[EventDate "2017.09.17"]
[EventType "swiss"]
[EventRounds "9"]
[EventCountry "ESP"]
[SourceTitle "Ajedrez en Madrid"]
[Source "lmi"]
[SourceDate "2017.09.17"]

1. e4 c5 2. Nf3 d6 3. d4 cxd4 4. Nxd4 Nf6 5. Nc3 a6 6. Bg5 e6 7. f4 Nbd7 8. Bc4
Qc7 9. Qe2 Nb6 10. Bb3 h6 11. Bh4 Be7 12. O-O-O O-O 13. e5 dxe5 14. fxe5 Nfd5
15. Nxd5 Nxd5 16. Bxe7 Nxe7 17. Rd2 Bd7 18. Rhd1 Ng6 19. Qe4 Nxe5 20. Nf3 Nxf3
21. Rxd7 Ng5 22. Rxc7 Nxe4 23. Rxb7 Nc5 24. Rc7 Nxb3+ 25. axb3 Rfd8 26. Rdd7
Rxd7 27. Rxd7 Kf8 28. c4 Ke8 29. Rb7 Rd8 30. Rb6 e5 31. Rxa6 e4 32. Ra5 f6 33.
Kc2 e3 34. Rd5 Rxd5 35. cxd5 f5 36. b4 Kd7 37. b5 Kc7 38. Kd3 f4 39. g3 g5 40.
g4 Kb6 41. d6 Kb7 42. h3 Kb6 43. b3 Kb7 44. Ke2 1/2-1/2